000 00961nam a2200217Ia 4500
005 20230704160819.0
008 210716s1990 xx 000 0 und d
020 _q 210.00 Bill no:455; Bill dt:2007-09-12 005.43 BACM MCA07734 168.00 07/16/2021 Book MCA St Aloysius Institute of Management & Information Technology St Aloysius Institute of Management & Information Technology Knowledge World 210.00 005.43 BACM
040 _cAIMIT LIBRARY
041 _aeng
082 _a005.43
_21
_bASHR
100 _aAshley, Ruth.
_9125513
245 _aTeach yourself unix :
_bincludes languages and power tools /
_cBy Ruth Ashley and Judi N Fernandez.
250 _a1st ed.
260 _aNew Delhi :
_bBPB Publications ,
_c1990.
300 _axiii,333 p.;
_bHB
_c22.5 cm.
650 _aText formatting with staff
_9125514
650 _aUsing expressions and patterns
_9125515
700 _aFernandez, Judi N.
_9125516
942 _2ddc
_cBK
_e1st
_k005.43 ASHR
999 _c181623
_d181623